header

Mental hospitals at work (Record no. 226583)

MARC details
000 -LEADER
fixed length control field 01343nam a2200349Ia 4500
100 1# - MAIN ENTRY--AUTHOR NAME
Personal name Jones, Kathleen,
245 10 - TITLE STATEMENT
Title Mental hospitals at work
260 ## - PUBLICATION, DISTRIBUTION, ETC. (IMPRINT)
Place of publication London :
Name of publisher Routledge,
Year of publication 2000, c1962.
300 ## - PHYSICAL DESCRIPTION
Number of Pages x, 210 p.
490 1# - SERIES STATEMENT
Series statement International library of sociology
Series statement Sociology of mental health ;
500 ## - GENERAL NOTE
General note First published: London : Routledge and Kegan Paul, 1962.
General note Includes index.
650 #0 - SUBJECT ADDED ENTRY--TOPICAL TERM
Topical Term Psychiatric hospitals.
Topical Term Mentally ill.
700 1# - ADDED ENTRY--PERSONAL NAME
Personal name Sidebotham, Roy.
856 40 - ELECTRONIC LOCATION AND ACCESS
Uniform Resource Identifier http://site.ebrary.com/lib/rucke/Doc?id=2003909

No items available.

© 2026 Rongo University
Contact us: librarian | system librarian | Rongo university